| 000 | 00561nam a22001817a 4500 | ||
|---|---|---|---|
| 005 | 20251108164217.0 | ||
| 008 | 250721s1979 xx 000 0 ara d | ||
| 082 | 1 | 4 | _a326/عبد |
| 100 | 1 | _aالترمانيني، عبد السلام | |
| 245 | 1 | 0 |
_aالرق : _bماضيه و حاضره / |
| 264 | 1 |
_aالكويت : _bالمجلس الوطني للثقافة و الفنون و الآداب، _c1979. |
|
| 300 | _a257ص | ||
| 490 | 0 | _aعالم المعرفة ؛23 | |
| 650 | 1 | 7 | _aالرق |
| 650 | 1 | 7 | _aالتاريخ |
| 942 |
_2ddc _cBK |
||
| 999 |
_c6436 _d6436 |
||